000 00412nam a2200133Ia 4500
008 190712s9999 xx 000 0 und d
020 _a9780804850032
100 _aDamron, Julie
245 _cJulie Damron; Eunsun You
_aKorean stories:
_bfor language learners/
260 _aTokyo:
_bTuttle Publishing
_c2018
300 _a222 p. ;
_bill. :
_c220 cm.
650 _aKorean language
650 _aShort stories, Korean
999 _c361956
_d361956